000 00754cam a22002411 4500
001 ne 64002712
003 DLC
005 20260227111806.0
008 821201m19641965ua 000 0 ara
010 _ane 64002712
025 _aPL480:UAR-4661
035 _a(OCoLC)9007240
040 _aDLC
_cTU
_dTU
_dDLC
042 _apremarc
050 0 0 _aB753.G33
_bT532
100 0 _aAverroës,
_d1126-1198.
245 1 0 _aTahāfut al-tahāfut
_cLil-Qāḍī Abī al-Walīd Muḥammad ibn Rushd Taḥqīq Sulayman Dunyā.
250 _aal-Tabʻah al-ʼūlā
260 _a[al-Qāhirah]
_bDār al-Maʻārif,
_c1964-65.
300 _a2 v. (1072p.)
_c24 cm.
490 0 _aDhakhāʼir al-ʻArab, 37
600 0 0 _aGhazzālī,
_d1058-1111.
_tTahāfut al-falāsifah.
999 _c47519
_d47519